000
00214nam a22000857a 4500
008
170617b xxu||||| |||| 00| 0 eng d
100
_9
3479
_a
Srivastava. H. N
245
_a
Earthquakes
260
_a
New Delhi
_b
N. B. T
_c
2008
999
_c
6853
_d
6853